Edebiyat ve toprak etiği (Record no. 3271)

MARC details
000 -BAŞLIK
Sabit Uzunlukta Kontrol Alanı 00817na a2200253 4500
001 - KONTROL NUMARASI
Denetim Alanı 23021
003 - KONTROL NUMARASI IDENTIFIER
Denetim Alanı MIRAKIL
005 - SON İŞLEM TARİHİ VE ZAMANI
Denetim Alanı 20181213154926.0
008 - SABİT-BOY VERİ ELEMANLARI - GENEL BİLGİLER
Sabit Uzunlukta Kontrol Alanı 170504b tu 000 0
020 ## - ULUSLARARASI STANDART KİTAP NUMARASI
Uluslararası Standart Kitap Numarası 9757145955
040 ## - KATALOGLAMA KAYNAK
Orijinal Kataloglama Ajansı Milas
Kataloglama Dili tur
Metne Dönüştürmek Ajansı TR-AnCHP
041 ## - DİL KODU
Metin / Ses Parça Veya Ayrı Başlığın Dil Kodu tur
082 ## - DEWEY ONLU SINIFLANDIRMA NUMARASI
Sınıflandırma Numarası 179.1
Ürün Numarası Ö92e 2005
090 ## - SINIFLAMA NUMARASI
Sınıflama Numarası 179.1 Ö92e 2005
100 ## - ANA GİRİŞ - KİŞİSEL İSİM
Kişisel Ad Özdağ, Ufuk
245 ## - BAŞLIK TABLOSU
Başlık Edebiyat ve toprak etiği
Başlığın Kalan Amerikan doğa yazınında Leopold'cu düşünce
246 ## - UNVAN FORM VARYING
Başlık Doğru / Kısa Başlığı Amerikan doğa yazınında Leopold'cu düşünce
260 ## - YAYIN, DAĞITIM, VB
Yayın, Dağıtım, Vb Yeri Ankara
Yayıncı, Dağıtıcı, Vs Adı Ürün Yayınları
Yayın, Dağıtım, Vb Tarihi 2005
Üretici Firma Öztepe Matbaacılık
300 ## - FİZİKSEL TANIM
Kapsam 176 s.
Diğer Fiziksel Ayrıntıları fotğ.; res.
Boyutlar 19 sm.
504 ## - KAYNAKÇA VB NOT
Kaynakça Vb Notu Kaynakça var.
650 ## - KONU KATMA GİRİŞ - TOPİKAL DÖNEM
Topikal Süreli Veya Coğrafi Ad Giriş Elemanı Çevre bilimi
Genel Alt Bölümü Çevre politikaları
Kronolojik Alt Bölümü Çevre Ahlakı
740 ## - KATMA GİRİŞ - KONTROLSUZ İLGİLİ / ANALİTİK BAŞLIK
Kontrol Edilmeyen / İlgili Analitik Başlıktaki Amerikan doğa yazınında Leopold'cu düşünce
942 ## - EKLENDİ GİRİŞ ELEMANLARI (KOHA)
Sınıflandırma Veya Raf Düzeni Kaynak
Koha Öğesi Türü Books
999 ## - SİSTEM KONTROL NUMARALARI (KOHA)
Koha Biblionumber 3271
Koha Biblioitemnumber 3271
Holdings
Kalıcı Konum Mevcut Konum Edinme Tarihi Edinim Kaynak Toplam Check-Out'Lar Tam Çağrı Numarası Barkod Tarih Son Görülme İtibaren Geçerli Fiyatlar Koha Öğesi Türü
CHP Kütüphanesi CHP Kütüphanesi 05/04/2017 Bağış   179.1 Ö92e 2005 016971 05/04/2017 05/04/2017 Books